Lehrwerk fur Deutsch als Fremdsprache: Arbeitsbuch. Inland

Bibliografiset tiedot
Kieli:saksa
Julkaistu: Donauworth, Hueber Verlag, 1993
Sarja:Themen 2
Aiheet:
Aineistotyyppi: MixedMaterials Kirja
KOHA link:https://koha.lib.tpu.ru/cgi-bin/koha/opac-detail.pl?biblionumber=116440

MARC

LEADER 00000nam0a2200000 4500
001 116440
005 20231031123219.0
010 |a 3190113726 
035 |a (RuTPU)RU\TPU\book\126014 
035 |a RU\TPU\book\8013 
090 |a 116440 
100 |a 20070522d1993 m y0gery50 ba 
101 0 |a ger 
102 |a DE 
105 |a a j 000zy 
200 1 |a Lehrwerk fur Deutsch als Fremdsprache  |e Arbeitsbuch. Inland 
210 |a Donauworth  |c Hueber Verlag  |d 1993 
215 |a 143 p.  |c ил. 
225 1 |a Themen 2 
610 1 |a немецкий язык  |a учебные пособия 
686 |a Ш143.24-923  |v LBC/SL-A  |2 rubbk 
801 0 |a RU  |b 63413507  |c 20011209  |g PSBO 
801 2 |a RU  |b 63413507  |c 20131014  |g PSBO 
942 |c BK